The Original Jesus (Record no. 11377)

MARC details
000 -LEADER
fixed length control field 00566nam a2200217 a 4500
001 - CONTROL NUMBER
control field 0001-1377
003 - CONTROL NUMBER IDENTIFIER
control field ELIB.Books
008 - FIXED-LENGTH DATA ELEMENTS--GENERAL INFORMATION
fixed length control field 160712 2010 eng
020 ## - INTERNATIONAL STANDARD BOOK NUMBER
International Standard Book Number 0802842836
035 ## - SYSTEM CONTROL NUMBER
System control number (ELIB.Books)0001-1532
092 ## - LOCALLY ASSIGNED DEWEY CALL NUMBER (OCLC)
Classification number 225
100 ## - MAIN ENTRY--PERSONAL NAME
Personal name Wright, Tom
245 ## - TITLE STATEMENT
Title The Original Jesus
Remainder of title The Life and Vision of a Revolutionary
260 ## - PUBLICATION, DISTRIBUTION, ETC. (IMPRINT)
Place of publication, distribution, etc. Grand Rapids.
Name of publisher, distributor, etc. William B. Eerdmans Publishing Company
Date of publication, distribution, etc. 1996
300 ## - PHYSICAL DESCRIPTION
Extent 160
Dimensions 24 Cm
856 ## - ELECTRONIC LOCATION AND ACCESS
Name of location of host KBTS: ELIB
942 ## - ADDED ENTRY ELEMENTS (KOHA)
Source of classification or shelving scheme Dewey Decimal Classification
Koha item type Books
990 ## - EQUIVALENCES OR CROSS-REFERENCES [LOCAL, CANADA]
Link information for 9XX fields 1
998 ## - LOCAL CONTROL INFORMATION (RLIN)
Cataloger's initials, CIN (RLIN) bat
-- 2016-07-12
Holdings
Withdrawn status Lost status Source of classification or shelving scheme Damaged status Not for loan Home library Current library Date acquired Total Checkouts Barcode Date last seen Bill Date Koha item type
    Dewey Decimal Classification     Karen Baptist Theological Seminary Library Karen Baptist Theological Seminary Library 12/07/2016   15860 22/01/2022 22/01/2022 Books
Implemented & Customized by: BestBookBuddies

Powered by Koha